Statistics for Title in the Lyrics -- Sublime

Click here to take the quiz!

General Stats

  • This quiz has been taken 40 times
  • The average score is 8 of 15

Answer Stats

Lyrics Title % Correct
I don't practice ________ / I ain't got no crystal ballSanteria
94%
Lovin' is ____ _ ___, I said remember thatWhat I Got
75%
Two pints of booze / Tell me are you a _______ too?Badfish
72%
I _____ ___ ______ before I _____ ___ ______ / And then I smoke two moreSmoke Two Joints
66%
Don't be afraid with the quickness you get laid / For your family'll get paid / It's the _____ ___Wrong Way
63%
But life is one big question when your starin' at the clock / And the answer's always waiting at the liquor store, __ __ __ _______ / So I'll take that walk40 Oz. to Freedom
59%
She picked up a rock., threw it at the car, hit him in the head, now he's got a big scar / Come on party people won't you listen to me / ____ ____ storyDate Rape
56%
We took this trip to ______ _____ / It smelled like Lou Dog inside the van, oh yeahGarden Grove
53%
Down there at the ____ ____, it's the only way to shopPawn Shop
53%
And the girl ______ __ ____ -- uhh / And that's that lovin' soundCaress Me Down
50%
And now I'm _______ ___ __ ____ / And I barely pulled up with my HienaWaiting For My Ruca
41%
She wore _______ ________ tucked into her curls / I knew right away she was not like other girls, like other girlsScarlet Begonias
31%
_________ gets empty / Rudy gets plenty / The baton stick gets shorter / Rudy gets tallerJailhouse
28%
It makes no sense at all, I ___ ___, I ___ ___, I ___ ___ / One more secret lover that I shot deadSaw Red
22%
Hit me with music / Brutalize me with music / __________ ____ers they don't watch thatTrenchtown Rock
6%

Score Distribution

Percentile by Number Answered

Percent of People with Each Score

Your Score History

You have not taken this quiz